| 000 | 00548nam a2200181Ia 4500 | ||
|---|---|---|---|
| 999 |
_c3695 _d3695 |
||
| 003 | OSt | ||
| 005 | 20200814111052.0 | ||
| 008 | 190216s9999||||xx |||||||||||||| ||und|| | ||
| 020 | _a9788182830998 | ||
| 040 | _coclc | ||
| 082 |
_a543.08 _bSHA/I |
||
| 100 | 1 |
_aSharma, B. K. _91147 _d1954- _q(Brij Kishore), |
|
| 245 | 0 |
_aInstrumental Methods of Chemical Analysis / _cB K Sharma |
|
| 260 |
_bGoel Publishing House, _c2013. _aMeerut: |
||
| 300 | _a1201p | ||
| 650 | _aChemistry | ||
| 942 |
_cBK _2ddc _h543.08 _iSHA/I _k543.08 _mSHA/I |
||